000 00605nam a2200181Ia 4500
003 OSt
005 20260106150927.0
008 210210b1951 xxu||||| |||| 00| 0 eng d
040 _cAL
041 _aKannada
082 _a859/1428
100 _aRAVINDRANATHA THAKURA
_9150008
_dರವೀಂದ್ರನಾಥ ಠಾಕೂರ.
245 _aPragati samhara mattu itara kathegalu
_bಪ್ರಗತಿ ಸಂಹಾರ ಮತ್ತು ಇತರ ಕಥೆಗಳು
260 _aBengaluru
_bSatyashodhana Prakatana Mandira
_c1951
690 _aKannada Fiction
_9150009
906 _a022161
942 _2ddc
_cBK
999 _c146267
_d146267